000 00453nam a2200157 i 4500
001 50263
003 ES-MaACL
005 20230906162141.0
007 t|
008 030801s1967 sp ||||1| spa d
100 1 _aCruz de Jaca, Angel.
_941823
245 1 0 _aSinfonía en Zumárraga /
_cpor Angel Cruz de Jaca.
260 _a[Zarautz :
_bs.n.,
_c1967] (
_fImp. Icharopena)
300 _a128 p., 6 lám. ;
_c19 cm.
852 _aES-MaACL
_jC-32905
_bR.63734
999 _c50263
_d50263